Plant protoplasts and genetic engineering 1 (Record no. 357746)

MARC details
000 -LEADER
fixed length control field 002880000a22001210004500
005 - DATE AND TIME OF LATEST TRANSACTION
control field 20250903142401.0
020 ## - INTERNATIONAL STANDARD BOOK NUMBER
International Standard Book Number 0387191941
082 ## - DEWEY DECIMAL CLASSIFICATION NUMBER
Classification number 581.873 PLA.01
100 ## - MAIN ENTRY--PERSONAL NAME
Personal name Y P S Bajaj
245 ## - TITLE STATEMENT
Title Plant protoplasts and genetic engineering 1
260 ## - PUBLICATION, DISTRIBUTION, ETC. (IMPRINT)
Place of publication, distribution, etc. USA, Springer-Verlag
942 ## - ADDED ENTRY ELEMENTS (KOHA)
Koha item type Books (General)
Holdings
Withdrawn status Lost status Damaged status Not for loan Collection code Home library Current library Shelving location Date acquired Total Checkouts Full call number Barcode Date last seen Price effective from Koha item type
        Reference Book College of Agriculture, Vellayani College of Agriculture, Vellayani Reference 02/05/2014   5810873 PLA.01 KAU_COAV-25046 02/05/2014 02/05/2014 Reference Book
Kerala Agricultural University Central Library
Thrissur-(Dt.), Kerala Pin:- 680656, India
Ph : (+91)(487) 2372219
E-mail: librarian@kau.in
Website: http://library.kau.in/